000 00647nam a22002657a 4500
003 UA-OsUOA
001 30575
007 ta
008 20041111b un ||||| |||| 00| 0 ukr d
100 _aКляус Е. М.
700 _aПогребысский И. Б.
700 _aФранкфурт У. И.
090 _a53:929
_bК47
942 _cBK
040 _aUA-OsUOA
_brus
_cUA-OsUOA
_dUA-OsUOA
245 _aПаскаль
_b1623-1662
300 _a432 с.
_bІлюстрації
955 _a0
041 _arus
080 _a53:929
260 _aМосква
_bНаука
_c1971
044 _aRU
650 7 _2UDC
999 _c316988
_d316988